| 000 | 00707nam a2200241Ia 4500 | ||
|---|---|---|---|
| 003 | OSt | ||
| 005 | 20220208161401.0 | ||
| 008 | 210716s1977 xx 000 0 und d | ||
| 020 | _a025601907X | ||
| 040 | _cAIMIT LIBRARY | ||
| 041 | _aeng | ||
| 082 |
_a657.48 _22 _bWELG |
||
| 100 |
_aWelsch, Glenn A. _918113 |
||
| 245 | _aFundamentals of financial accounting / | ||
| 250 |
_a2nd ed. _bRevised edition |
||
| 260 |
_aUSA : _bRichard D. Irwin, Inc , _c1977. |
||
| 300 |
_axvii, 739p. _c24 cm. |
||
| 650 |
_aFinancial Accounting _918114 |
||
| 650 |
_aFinancial Statements _918115 |
||
| 650 |
_aTransaction Analysis _918116 |
||
| 700 |
_aAnthony, Robert N. _918117 |
||
| 942 |
_2ddc _cBK _e2nd _k657.48 WELG |
||
| 999 |
_c202231 _d202231 |
||